|
|
|
|
| LEADER |
00000nam0a2200000 4500 |
| 001 |
233214 |
| 005 |
20231031203536.0 |
| 010 |
|
|
|b 5000 экз.
|
| 035 |
|
|
|a (RuTPU)RU\TPU\book\254285
|
| 090 |
|
|
|a 233214
|
| 100 |
|
|
|a 20130228d1985 m y0rusy50 ca
|
| 101 |
0 |
|
|a rus
|
| 102 |
|
|
|a RU
|
| 105 |
|
|
|a a z 000gy
|
| 200 |
1 |
|
|a Урал-река
|e песни, стихи
|f сост. М. М. Чумаков ; худож. Ю. Н. Филоненко
|
| 210 |
|
|
|a Челябинск
|c Южно-Уральское кн. изд-во
|d 1985
|
| 215 |
|
|
|a 84 с.
|c ил.
|d 11 см.
|
| 225 |
1 |
|
|a Поэтическая антология
|
| 300 |
|
|
|a В футляре.
|
| 610 |
1 |
|
|a русская литература
|
| 610 |
1 |
|
|a поэзия
|
| 610 |
1 |
|
|a 19 век
|
| 610 |
1 |
|
|a 20 век
|
| 610 |
1 |
|
|a народные песни
|
| 610 |
1 |
|
|a миниатюрные издания
|
| 686 |
|
|
|a Ч611.68
|v LBC/SL-A
|2 rubbk
|
| 702 |
|
1 |
|a Чумаков
|b М. М.
|g Михаил Мефодьевич
|4 220
|
| 702 |
|
1 |
|a Филоненко
|b Ю. Н.
|4 440
|
| 801 |
|
1 |
|a RU
|b 63413507
|c 20130228
|
| 801 |
|
2 |
|a RU
|b 63413507
|c 20130228
|g RCR
|
| 942 |
|
|
|c BK
|